000 00296 a2200157 4500
001 176551
020 _a
040 _cMagnum
100 _aAlencar, Chico
240 1 0 _aJonas
_lpor
245 1 0 _aJonas
362 0 _a1899
440 1 _aModerna
697 _aMAGNITO: IJ/CONTOS
942 _cBK
999 _c176551
_d176551